000 00315nam a22001457a 4500
003 SGT
082 _a617.601 ,P11M
100 _aMARYA,CM
245 _aA TEXT BOOK OF PUBLIC HEALTH DENTISTRY
250 _a1ST
260 _aNEW DELHI
_bJAYPEE BROTHERS
_c2011
300 _a547
650 _aPCD
942 _2ddc
_cBK
_02
999 _c9714
_d9714